000 00957nam a22003497a 4500
001 BR2012001661
003 BR-BrBNA
005 20230928103914.0
007 ta
008 230509b bl.||||| |||| 00| 0 por d
040 _aBR-BrBNA
_bpor
_cBiblioteca Nacional de Agricultura
041 _a(Por)
072 _aJ10
_b1959
_b3575
090 _ 1959 BR2012001661
100 1 _aCosta, M.C.D.
110 1 _aUniversidade Federal de Lavras, MG (Brasil)
_0Tese (Mestrado)
245 1 _aArmazenamento de plântulas de Sesbania virgata
260 3 _aLavras, MG (Brasil):
_c2011.
300 _a80 p.
500 _aSummaries (Eng, Por); Bibliography p. 66-80; 8 illus.
650 _aPLÂNTULA
650 _aLEGUMINOSA
650 _aARMAZENAMENTO
650 _aSEMENTE
650 _aGERMINAÇÃO
650 _aSTRESS
650 _aSECAGEM
650 _aPLANTA
650 _aARMAZENAMENTO
909 _a202309
_bLucia
_c55
_dLucia Elande
942 _cBK
999 _c77175
_d77175